Statistics for Guess the lyrics (#70)

Click here to take the quiz!

General Stats

  • This quiz has been taken 87 times
  • The average score is 62 of 101

Answer Stats

Answer% Correct
a
95%
the
95%
you
94%
me
85%
to
85%
do
83%
be
79%
and
78%
So
78%
that
74%
That
74%
are
73%
they
73%
your
73%
On
71%
Why
71%
why
71%
in
70%
is
64%
were
61%
time
60%
like
58%
by?
56%
all
55%
Just
55%
day
54%
every
54%
of
53%
got
51%
birds
49%
close
49%
down
48%
near?
48%
come
46%
long
46%
from
45%
walk
45%
sky
44%
appear
43%
suddenly
43%
born
40%
around
38%
dream
38%
fall
38%
angels
36%
girls
35%
together
35%
create
34%
eyes
34%
hair
34%
stars
34%
true
34%
decided
31%
dust
30%
gold
30%
blue
28%
follow
28%
sprinkled
28%
town
28%
moon
25%
starlight
21%

Score Distribution

Percentile by Number Answered

Percent of People with Each Score

Your Score History

You have not taken this quiz